|
|
|
|
| LEADER |
00000nam a22000007a 4500 |
| 005 |
20190920134842.0 |
| 007 |
cr|||| |||| |
| 008 |
190920s2018 br |||||s|||| 00||0 por d |
| 020 |
|
|
|a 978-85-361-9902-3
|
| 035 |
|
|
|a 30310
|
| 040 |
|
|
|a vLex
|
| 090 |
|
|
|c 9624
|d 9624
|
| 100 |
1 |
|
|a Pretti, Gleibe
|
| 245 |
1 |
0 |
|a Novas Regras da Execuȯ̂ e Procedimentos Especiais Aps̤ a Reforma Trabalhista
|h [Recurso electrn̤ico] /
|c Gleibe Pretti
|
| 256 |
|
|
|a Servicio en ln̕ea
|
| 260 |
|
|
|a San Pablo:
|b LTR,
|c 2018
|
| 300 |
|
|
|a 1 recurso electrn̤ico
|
| 500 |
|
|
|a Caro leitor(a), obrigado por se interessar por essa obra. Ela te ajudar ̀muito, pois tratamos de um assunto r̀duo, porm̌ necessr̀io que sô temas pertinentes ̉r̀ea trabalhista em que se d ̀o resultado efetivo do processo, ou seja, a atualizaȯ̂ dos valores e a execuȯ̂ em que a sentenȧ sair ̀do campo empr̕ico (dos sonhos) e se transformar ̀em valores pecunir̀ios para o cliente e o advogado. Isso nô ̌importante!? Ainda nessa linha temos as peȧs especiais em que voc ̊poder ̀utilizar de forma prt̀ica para que seu processo e seu trabalho tenha valido a pena. Esse ̌o objetivo desse trabalho. Vamos aos estudos?
|
| 506 |
1 |
|
|a Disponible solo en los productos indicados
|d vLex Global
|d vLex Global (Academic Edition, excluding Law Schools)
|d vLex Global (U.S. Academic Edition, Law Schools)
|d vLex Global (U.S. Academic Edition, excluding Law Schools)
|d vLex Global (Academic Edition, Law Schools)
|
| 650 |
0 |
4 |
|a Derecho Laboral y Seguridad Social
|z Brasil
|
| 650 |
0 |
4 |
|a Procedimiento Laboral
|z Brasil
|
| 740 |
0 |
|
|a vLex Libros (Servicio en ln̕ea)
|
| 856 |
4 |
0 |
|u http://vlex.com/source/novas-regras-da-execu-o-e-procedimentos-especiais-apos-a-reforma-trabalhista-30310
|z Acceso restringido
|
| 942 |
|
|
|c BOOK
|
| 999 |
0 |
|
|a Labor Law and Social Security
|
| 999 |
0 |
|
|a Labor Procedure
|